WRITING FOR THE TWENTY FIRST CENTURY ,COMPUTER AND RESEARCH WRITING (Record no. 567502)

000 -LEADER
fixed length control field 00344nam a22001217a 4500
020 ## - INTERNATIONAL STANDARD BOOK NUMBER
International Standard Book Number 0-07-072051-7
082 ## - DEWEY DECIMAL CLASSIFICATION NUMBER
Classification number 808.0420285 WRE'W
100 ## - MAIN ENTRY--PERSONAL NAME
Personal name WRESCH, W ,PATTOW, D ,GIFFORD, J
9 (RLIN) 57210
245 ## - TITLE STATEMENT
Title WRITING FOR THE TWENTY FIRST CENTURY ,COMPUTER AND RESEARCH WRITING
260 ## - PUBLICATION, DISTRIBUTION, ETC.
Place of publication, distribution, etc. NEWYORK
Name of publisher, distributor, etc. MCGRAW HILL
Date of publication, distribution, etc. 1988
300 ## - PHYSICAL DESCRIPTION
Extent 304P
942 ## - ADDED ENTRY ELEMENTS (KOHA)
Koha item type Book
Holdings
Withdrawn status Lost status Source of classification or shelving scheme Damaged status Not for loan Permanent Location Current Location Shelving location Date acquired Shelving control number Full call number Barcode Date last seen Price effective from Koha item type Public note
          College of Electrical & Mechanical Engineering (CEME) College of Electrical & Mechanical Engineering (CEME) Fiction 07/12/2017 English Literature 808.0420285 WRE'W CEME-24761 06/28/2021 06/28/2021 Book CART-4
© 2023 Central Library, National University of Sciences and Technology. All Rights Reserved.